02823cam a22003258i 45000010009000000050017000090080041000260100017000670200030000840200031001140200027001450400023001720420008001950430012002030500022002150820019002371000029002562450035002852500020003202630009003402640056003493000013004053360026004183370028004443380027004725040051004995050608005505201306011586500033024642289937820250318142236.0221212s2023 enk b 001 0 eng  a 2022058035 a9781032246260q(hardback) a9781032246178q(paperback) z9781003279525q(ebook) aDLCbengerdacDLC apcc ae-uk---00aKD1819b.B38 202300a343.41096bBAU1 aBaughen, Simon,eauthor.10aShipping law /cSimon Baughen. aEighth edition. a2306 1aAbingdon, Oxon ;aNew York, NY :bRoutledge,c2023. apages cm atextbtxt2rdacontent aunmediatedbn2rdamedia avolumebnc2rdacarrier aIncludes bibliographical references and index.0 aThe commercial background -- Title to sue -- Proving loss or damage in transit -- The terms of the bill of lading contract -- Statutory terms of the bill of lading contract -- The future? the hamburg rules and the rotterdam rules -- Combined transport -- Carriage by road : the CMR -- Charterparties -- Voyage charterparties : payment of freight -- Voyage charters : laytime and demurrage -- Time charters -- Damages and frustration -- Collisions -- Salvage -- General average -- Marine pollution -- Jurisdiction, arbitration and applicable law -- Security and interim relief -- Limitation of liability. a"In this indispensable textbook, Simon Baughen expertly covers the whole spectrum of English shipping law, placing the highly specialised rules of shipping in a commercial context and relating them to the general principles of contract and tort law. The 8th edition is brought fully up to date, covering all the relevant legal implications following on from Brexit. In-depth commentary on judicial decisions and well-balanced coverage and analysis of recent and key cases provide an up-to-date reference for students on Shipping Law courses. All key topics are comprehensively covered, including bills of lading, charterparties, salvage, marine pollution, jurisdiction, choice of law, arbitration, and accidents and collisions. Continuing significant and noteworthy developments in shipping law are explored in this new edition, such as the introduction into the House of Lords in October 2022 of the Electronic Trade Documents Bill. The field of international conventions has also seen several changes since the previous edition. Shipping Law provides an invaluable source of reference, both for students and those in practice. The book's accessible narrative and useful glossary of key terms will especially benefit students new to shipping law or from non-law backgrounds"--cProvided by publisher. 0aMaritime lawzGreat Britain.